00422nam a2200133 a 450000100100000000500170001000800410002704000250006808200150009310000250010824500840013326000510021730000200026800002286320200930021837.0101119s1986 ru r 000 0 spa d aDO-SdBNPbspacBNPHU axxxxbxxxx1 aJachaturov, Karén.10aAmérica Latina y la estrategia global del imperialismo /cKarén Jachaturov. aMoscú :bAgencia de Prensa Nóvosti,c1986. a99 p. ;c16 cm.